Légiférer sur les fous (notice n° 2215715)
[ vue normale ]
| 000 -LEADER | |
|---|---|
| fixed length control field | 00682cam a2200157 4500500 |
| 005 - DATE AND TIME OF LATEST TRANSACTION | |
| control field | 20260419004929.0 |
| 041 ## - LANGUAGE CODE | |
| Language code of text/sound track or separate title | fre |
| 042 ## - AUTHENTICATION CODE | |
| Authentication code | dc |
| 100 10 - MAIN ENTRY--PERSONAL NAME | |
| Personal name | Bonnafé, Lucien |
| Relator term | author |
| 245 00 - TITLE STATEMENT | |
| Title | Légiférer sur les fous |
| 260 ## - PUBLICATION, DISTRIBUTION, ETC. | |
| Date of publication, distribution, etc. | 2003.<br/> |
| 500 ## - GENERAL NOTE | |
| General note | 84 |
| 520 ## - SUMMARY, ETC. | |
| Summary, etc. | RésuméArchives : VST n? 142 août/septembre 1982. Hubert Mignot vient de mourir. Images : le 12 octobre 1981, Lucien Bonnafé et Hubert Mignot accompagnent Jack Ralite à Sotteville-lès-Rouen. |
| 786 0# - DATA SOURCE ENTRY | |
| Note | VST - Vie sociale et traitements | 78 | 2 | 2003-05-01 | p. 34-37 | 0396-8669 |
| 856 41 - ELECTRONIC LOCATION AND ACCESS | |
| Uniform Resource Identifier | <a href="https://shs.cairn.info/revue-vie-sociale-et-traitements-2003-2-page-34?lang=fr&redirect-ssocas=7080">https://shs.cairn.info/revue-vie-sociale-et-traitements-2003-2-page-34?lang=fr&redirect-ssocas=7080</a> |
Pas d'exemplaire disponible.




Réseaux sociaux